[Event "Serrano op 1st"]
[Site "Serrano"]
[Date "2015.09.07"]
[Round "1"]
[White "Tapia Wenderoth, Vicente"]
[Black "Soto Rojas, Juan Domingo"]
[Result "0-1"]
[WhiteElo "2104"]
[BlackElo "1887"]
[PlyCount "142"]
[EventDate "2015.09.07"]
[EventType "swiss"]
[EventRounds "7"]
[EventCountry "CHI"]
[SourceTitle "EXT 2017"]
[Source "ChessBase"]
[SourceDate "2016.10.25"]
[SourceVersion "1"]
[SourceVersionDate "2016.10.25"]
[SourceQuality "1"]

1. e4 c5 2. Nf3 d6 3. d4 cxd4 4. Nxd4 Nf6 5. Nc3 g6 6. Bc4 Bg7 7. f3 0-0 8. Be3 Nc6 9. Nde2 Bd7 10. a3 Ne5 11. Ba2 Qc7 12. Qc1 Nc4 13. Bd4 b5 14. g4 a5 15. g5 Nh5 16. Nd5 Qd8 17. Bxc4 bxc4 18. Qe3 e6 19. Bb6 Qb8 20. Nc7 Bxb2 21. Rb1 Bxa3 22. Qxa3 Ra7 23. Qxd6 Rd8 24. 0-0 Rb7 25. Nc3 Ba4 26. Qe5 Rxb6 27. Rxb6 Qxb6+ 28. Kh1 Bxc2 29. N3d5 Qd6 30. Qxd6 Rxd6 31. Ne3 Bd3 32. Ra1 Rc6 33. Nb5 c3 34. Nd4 Rc8 35. Ndc2 Bxc2 36. Nxc2 Rc5 37. Ra3 Nf4 38. h4 e5 39. Ra2 Ne6 40. Kg1 Nd4 41. Kf2 Kg7 42. Ke3 h6 43. f4 Nxc2+ 44. Rxc2 f6 45. fxe5 fxe5 46. Kd3 hxg5 47. hxg5 Kf7 48. Rxc3 Rxc3+ 49. Kxc3 Ke6 50. Kc4 Kd6 51. Kb5 a4 52. Kb4 a3 53. Kxa3 Kc5 54. Kb3 Kd4 55. Kc2 Ke3 56. Kd1 Kxe4 57. Ke2 Kf4 58. Kf2 Kxg5 59. Kf3 Kh4 60. Kg2 Kg4 61. Kf2 Kf4 62. Ke2 Ke4 63. Kf2 Kd3 64. Ke1 Ke3 65. Kf1 e4 66. Ke1 Kf3 67. Kf1 g5 68. Ke1 g4 69. Kf1 g3 70. Kg1 g2 71. Kh2 Kf2 0-1